Fruit Varieties-Lime - Statistics

General Stats
  • This quiz has been taken 9 times
  • The average score is 5 of 11
Answer Stats
Variants % Correct
Key Lime
100%
Australian Finger Lime
50%
Blood Lime
50%
Limequat
50%
Persian Lime
50%
Rangpur Lime
50%
Sweet Lime
50%
Australian Desert Lime
25%
Australian Lime
25%
Makrut Lime
25%
Philippine Lime
25%
No matching quizzes found
Score Distribution
Percent of People with Each Score
Percentile by Number Answered
Your Score History
You have not taken this quiz